000 00490nam a2200181Ia 4500
001 7774
005 20260306160520.0
008 260306t2009||||xx |||||||||||||| ||spa||
041 _aESP
082 _a362
_bD67
100 _aDíaz, Ramón
_eAUT
245 0 _aAnálisis de la implementación del programa JUNTOS en las regiones de Apurimac, Huancavelica y Huánuco
260 _c2009
300 _a138 páginas :
_c29 cm.
650 _aGEN
654 _aCAN
942 _cLIB
_dJUS
_fJUS
_2ddc
_n
999 _c7774
_d7774